000 01165cad a22002295a 4500
001 L146923
008 090312e20090311xxk f 000 0 eng d
035 _a(Sirsi) u146923
041 0 _aeng
050 0 4 _a711.58 $2 18
110 2 _aSport England
_93763
245 0 0 _aSuccess for playing field safeguards
_h[electronic resource]
260 _aLondon
_bSport England
_c2009
490 0 _aSport England Press Release
_v11 March 2009
520 _aFigures released by Sport England suggest that their initiative to protect playing fields is having a positive impact, with 97.5% of planning applications in 2006-07 which affected playing fields resulting in improved or protected sports provision, and with negotiation leading to better provision in over half the cases where Sport England had initially objected to an application.
521 2 _aAdvanced
590 _aKA
651 4 _aEngland
_y886-
690 _aPROPERTY-COMMERCIAL PROPERTY-LEISURE PROPERTY-SPORTS PROPERTY
856 4 0 _uhttps://www.sportengland.org/news/press_releases/success_for_playing_field_safeguards.htm
_zView the press release free of charge at www.sportengland.org...
942 _n0
999 _c81329
_d81329